[Event "European Individual Chess Championship "]
[Site "Reykjavik, Iceland"]
[Date "2021.08.31"]
[Round "6.75"]
[White "Karlsson, Mikael Johann"]
[Black "Tummasarson, Flovin M."]
[Result "1-0"]
[WhiteElo "2067"]
[BlackElo "1764"]
[PlyCount "79"]
[EventDate "2021.08.26"]

1. Nf3 Nf6 2. b3 d5 3. Bb2 g6 4. e3 Bg7 5. h3 O-O 6. c4 dxc4 7. Bxc4 Bf5 8. d4
a5 9. O-O Re8 10. Nbd2 Ne4 11. Nxe4 Bxe4 12. Bxf7+ Kxf7 13. Ng5+ Kg8 14. Nxe4
Qd5 15. Qc2 e6 16. Nc3 Qd7 17. Rac1 Na6 18. Qe4 b6 19. a4 Nb4 20. Rfd1 Rad8 21.
Ba3 Bf8 22. Nb5 c5 23. Qg4 Qf7 24. Bxb4 axb4 25. dxc5 bxc5 26. Rxd8 Rxd8 27.
Rd1 Rd5 28. e4 Rxd1+ 29. Qxd1 Qf4 30. Qc2 Qe5 31. g3 Qa1+ 32. Kg2 Qe5 33. Qd3
Qb2 34. Qc4 Kf7 35. a5 Qa1 36. Nc7 Qxa5 37. Qxe6+ Kg7 38. Ne8+ Kh8 39. Qf7 Bh6
40. Nf6 1-0

[Event "European Individual Chess Championship "]
[Site "Reykjavik, Iceland"]
[Date "2021.08.31"]
[Round "6.76"]
[White "Van Hoolandt, Patrick"]
[Black "Omarsson, Josef"]
[Result "1-0"]
[WhiteElo "2010"]
[BlackElo "1211"]
[PlyCount "65"]
[EventDate "2021.08.26"]

1. d4 Nf6 2. c4 g6 3. Nc3 Bg7 4. e4 d6 5. Nf3 O-O 6. Be3 c5 7. h3 Nbd7 8. d5
Qa5 9. Bd3 Qb4 10. a3 Qa5 11. O-O Nb6 12. Qc2 Bd7 13. b4 Qa6 14. bxc5 Na4 15.
Nxa4 Bxa4 16. Qe2 Nxe4 17. Bxe4 Bxa1 18. Rxa1 dxc5 19. Bxc5 Rfc8 20. Bxe7 Qxc4
21. Qe3 f5 22. Bxf5 gxf5 23. Qg5+ Kf7 24. Ne5+ Ke8 25. Nxc4 Rxc4 26. Qg8+ Kd7
27. Qxa8 Kxe7 28. Re1+ Kd6 29. Qxb7 Kc5 30. Re6 Rd4 31. Ra6 Bb5 32. Ra5 a6 33.
Qc6# 1-0

[Event "European Individual Chess Championship "]
[Site "Reykjavik, Iceland"]
[Date "2021.08.31"]
[Round "6.77"]
[White "Gudnyjarson, Sigurdur Pall"]
[Black "Koellner, Aaron Noah"]
[Result "0-1"]
[WhiteElo "1207"]
[BlackElo "2248"]
[PlyCount "80"]
[EventDate "2021.08.26"]

1. d4 d5 2. c4 c6 3. Nf3 Nf6 4. Nc3 dxc4 5. a4 Bf5 6. Bg5 Nbd7 7. e3 h6 8. Bh4
Qb6 9. Qd2 e6 10. Bxc4 Bb4 11. O-O a5 12. Bd3 Bg4 13. Bxf6 gxf6 14. Be2 O-O-O
15. Ne1 h5 16. f3 Bf5 17. e4 Bg6 18. Qd3 Ne5 19. Qe3 Rxd4 20. Nc2 Bc5 21. Kh1
Rxe4 22. Qd2 Rxe2 23. Qxe2 Bd3 24. Qd1 Bxf1 25. Qxf1 Qxb2 26. Ne4 Qxc2 27. Rc1
Qd3 28. Nxc5 Qxf1+ 29. Rxf1 Rd8 30. Rb1 b5 31. h3 h4 32. axb5 cxb5 33. Rxb5
Rd1+ 34. Kh2 Nc4 35. Ne4 Ne3 36. Rxa5 f5 37. Ng5 f4 38. Nxf7 Nf1+ 39. Kg1 Ng3+
40. Kf2 Rf1# 0-1

[Event "European Individual Chess Championship "]
[Site "Reykjavik, Iceland"]
[Date "2021.08.31"]
[Round "6.78"]
[White "Heidarsson, Mikael Bjarki"]
[Black "Pozimski, Szymon"]
[Result "1/2-1/2"]
[WhiteElo "1473"]
[BlackElo "2019"]
[PlyCount "106"]
[EventDate "2021.08.26"]

1. d4 d5 2. c4 dxc4 3. e4 e5 4. d5 Nf6 5. Nc3 b5 6. Bg5 Bb4 7. a4 c6 8. Bxf6
Qxf6 9. dxc6 Bxc3+ 10. bxc3 Qxc6 11. axb5 Qxb5 12. Rb1 Qc6 13. Qd5 Qxd5 14.
exd5 Ba6 15. Rb4 O-O 16. Bxc4 Rc8 17. Bxa6 Nxa6 18. Ra4 Nc5 19. Ra1 Nd3+ 20.
Ke2 Nf4+ 21. Kd2 Nxd5 22. Ne2 Rd8 23. Kc2 Nc7 24. Ra5 f6 25. Rha1 a6 26. f4
exf4 27. Nxf4 Rd6 28. Rc5 Ne6 29. Nxe6 Rxe6 30. Rd1 Rb8 31. Rcd5 Kf7 32. c4
Reb6 33. c5 Rb2+ 34. Kc3 R8b3+ 35. Kc4 Rb4+ 36. Kc3 R2b3+ 37. Kc2 Rb2+ 38. Kc3
R2b3+ 39. Kc2 Ra3 40. R1d4 Rxd4 41. Rxd4 Ke8 42. c6 Ra5 43. Kb3 Rc5 44. Rd6 Ke7
45. Rd7+ Ke6 46. Rxg7 Rxc6 47. Rxh7 Rc5 48. g4 Rg5 49. h3 Rb5+ 50. Ka4 Rb1 51.
h4 Rg1 52. Rg7 Ra1+ 53. Kb3 Rb1+ 1/2-1/2

[Event "European Individual Chess Championship "]
[Site "Reykjavik, Iceland"]
[Date "2021.08.31"]
[Round "6.79"]
[White "Maggason, Oskar"]
[Black "Gade, Jens"]
[Result "1-0"]
[WhiteElo "1783"]
[BlackElo "1487"]
[PlyCount "123"]
[EventDate "2021.08.26"]

1. e4 e5 2. d4 exd4 3. c3 d6 4. cxd4 Nf6 5. Nc3 Be7 6. f4 O-O 7. Nf3 Bg4 8. h3
Bxf3 9. Qxf3 Nc6 10. Be3 Nd7 11. Rc1 Re8 12. Bb5 a6 13. Ba4 Nb6 14. Bb3 Na5 15.
Bc2 Nac4 16. b3 Nxe3 17. Qxe3 Bh4+ 18. g3 Be7 19. O-O Qd7 20. Kg2 Rac8 21. Bd1
Qd8 22. Bg4 Rb8 23. a4 c6 24. e5 dxe5 25. dxe5 Nd5 26. Nxd5 Qxd5+ 27. Kh2 Qa5
28. Rcd1 Rbd8 29. Bd7 Bc5 30. Qe4 Re7 31. e6 f6 32. Rd3 Bb6 33. f5 Bc7 34. Rfd1
Qe5 35. Qf3 Qb2+ 36. R3d2 Qe5 37. Rd3 Qb2+ 38. R1d2 Qa1 39. Bxc6 Rxd3 40. Qxd3
h6 41. Bf3 Bb6 42. Rd1 Qb2+ 43. Kh1 Qf2 44. Bh5 g5 45. b4 Bc7 46. Rg1 Bb6 47.
Rg2 Qe1+ 48. Kh2 Qxb4 49. Bd1 a5 50. Qf3 Rh7 51. Qh5 Qe7 52. Rd2 Qf8 53. Qg6+
Kh8 54. Bh5 Re7 55. Rc2 Rc7 56. Rd2 Re7 57. Be2 Qg7 58. Qh5 Bc5 59. Qf3 Bb4 60.
Rd8+ Kh7 61. Qd5 b6 62. Bh5 1-0

[Event "European Individual Chess Championship "]
[Site "Reykjavik, Iceland"]
[Date "2021.08.31"]
[Round "6.80"]
[White "Jonsson, Kristjan Dagur"]
[Black "Kjartansson, Matthias Bjorgvin"]
[Result "0-1"]
[WhiteElo "1706"]
[BlackElo "1389"]
[PlyCount "68"]
[EventDate "2021.08.26"]

1. d4 Nf6 2. c4 c5 3. d5 b5 4. cxb5 a6 5. b6 Qxb6 6. Nc3 g6 7. Nf3 Bg7 8. e4 d6
9. Be2 Bg4 10. Nd2 Bxe2 11. Qxe2 Nbd7 12. Nc4 Qc7 13. O-O O-O 14. Kh1 Nb6 15.
f4 Nxc4 16. Qxc4 Rfb8 17. Qe2 h5 18. h3 Nd7 19. g4 hxg4 20. Qxg4 Bd4 21. h4 Kg7
22. Kg2 Rh8 23. Rh1 Rh5 24. Bd2 Rah8 25. Kg3 Bf6 26. Qe2 Bxh4+ 27. Kg2 Qb7 28.
Rab1 Bf6 29. Rxh5 Rxh5 30. Nd1 Qc8 31. Ne3 Qh8 32. Nf1 Rh1 33. Qg4 Bd4 34. Ng3
Qh2+ 0-1

[Event "European Individual Chess Championship "]
[Site "Reykjavik, Iceland"]
[Date "2021.08.31"]
[Round "6.81"]
[White "Hjaltason, Elvar Orn"]
[Black "Briem, Gudrun Fanney"]
[Result "1-0"]
[WhiteElo "1702"]
[BlackElo "1240"]
[PlyCount "69"]
[EventDate "2021.08.26"]

1. c4 Nf6 2. Nc3 g6 3. e4 d6 4. d4 Bg7 5. f4 Ng8 6. e5 f6 7. Nf3 c6 8. Be3 Qc7
9. exd6 exd6 10. d5 f5 11. Rc1 c5 12. Bd3 Nf6 13. O-O O-O 14. h3 a6 15. Re1 b6
16. Ng5 Re8 17. Bf2 Ra7 18. Qd2 h6 19. Rxe8+ Nxe8 20. Re1 Nf6 21. Ne6 Bxe6 22.
dxe6 Qd8 23. Nd5 Nc6 24. a3 Ne7 25. Bb1 b5 26. b4 Nfxd5 27. cxd5 Ra8 28. bxc5
dxc5 29. d6 Nc6 30. Qd5 Ne7 31. Qb7 Bd4 32. Bxd4 cxd4 33. Qxe7 Qb6 34. Qf7+ Kh8
35. e7 1-0

[Event "European Individual Chess Championship "]
[Site "Reykjavik, Iceland"]
[Date "2021.08.31"]
[Round "6.82"]
[White "Thorisson, Benedikt"]
[Black "Hreinsson, Johann Helgi"]
[Result "1/2-1/2"]
[WhiteElo "1624"]
[BlackElo "1195"]
[PlyCount "118"]
[EventDate "2021.08.26"]

1. e4 e6 2. d4 d5 3. Nd2 c5 4. Ngf3 Nc6 5. exd5 exd5 6. dxc5 Bxc5 7. Nb3 Bb6 8.
Bb5 Nge7 9. O-O O-O 10. Bg5 h6 11. Bh4 Be6 12. Re1 Re8 13. Nbd4 Nxd4 14. Nxd4
Bd7 15. Nf5 Bc5 16. Nxe7+ Bxe7 17. Bxe7 Rxe7 18. Qxd5 Rxe1+ 19. Rxe1 Bxb5 20.
Qxb5 Rb8 21. h3 Qc7 22. Qe5 Qc8 23. Re3 Qd8 24. Rd3 Qc8 25. Rg3 g6 26. h4 Qe8
27. Qxe8+ Rxe8 28. Rc3 Kg7 29. Kf1 Re7 30. f3 Kf6 31. Kf2 g5 32. Rc4 Kg6 33.
Rd4 Re6 34. c4 Rb6 35. b3 Ra6 36. a4 Rb6 37. Rd3 gxh4 38. c5 Ra6 39. Rd4 Kg5
40. Rg4+ Kh5 41. Rd4 Kg5 42. Rd7 Ra5 43. Rxb7 Rxc5 44. Rxa7 f5 45. a5 Kf4 46.
a6 Rc2+ 47. Kg1 Kg3 48. Rg7+ Kf4 49. a7 Ra2 50. b4 h3 51. gxh3 Kxf3 52. h4 Ra1+
53. Kh2 Ra2+ 54. Kh3 f4 55. b5 Ra1 56. Kh2 Ra2+ 57. Kg1 Ra1+ 58. Kh2 Ra2+ 59.
Kh3 Ra1 1/2-1/2

[Event "European Individual Chess Championship "]
[Site "Reykjavik, Iceland"]
[Date "2021.08.31"]
[Round "6.83"]
[White "Sveinbjornsson, Gudmundur Orri"]
[Black "Ragnarsson, Heimir Pall"]
[Result "0-1"]
[WhiteElo "1037"]
[BlackElo "1619"]
[PlyCount "44"]
[EventDate "2021.08.26"]

1. e4 c5 2. Nc3 d6 3. Nf3 g6 4. d4 cxd4 5. Nxd4 Bg7 6. Be3 a6 7. a4 Nc6 8. Bc4
Ne5 9. Ba2 Ng4 10. Bg5 Qb6 11. Nce2 e5 12. f3 exd4 13. fxg4 Bxg4 14. O-O d3+
15. Kh1 dxe2 16. Qd2 exf1=Q+ 17. Rxf1 Be6 18. Bxe6 fxe6 19. Qf4 Nf6 20. Bxf6
O-O 21. Qg5 Qxb2 22. h3 Rxf6 0-1

[Event "European Individual Chess Championship "]
[Site "Reykjavik, Iceland"]
[Date "2021.08.31"]
[Round "6.84"]
[White "Omarsson, Adam"]
[Black "Hallmundarson, Birkir"]
[Result "1-0"]
[WhiteElo "1546"]
[BlackElo "1095"]
[PlyCount "71"]
[EventDate "2021.08.26"]

1. d4 Nf6 2. c4 e6 3. Nc3 d5 4. cxd5 exd5 5. Bg5 Bb4 6. e3 O-O 7. Bd3 h6 8. Bh4
c5 9. Nge2 c4 10. Bc2 Nc6 11. O-O Be7 12. a3 a6 13. b4 Ng4 14. Bxe7 Qxe7 15.
Nf4 Nf6 16. Ncxd5 Nxd5 17. Nxd5 Qg5 18. Nb6 Bg4 19. Qd2 Bf3 20. g3 c3 21. Qd3
f5 22. Bd1 Be4 23. Qc4+ Kh8 24. f4 Qd8 25. Nxa8 b5 26. Qxc3 Qxa8 27. Bf3 Rc8
28. Bxe4 fxe4 29. Rac1 Ne7 30. Qb3 Nf5 31. Qe6 Rxc1 32. Rxc1 Nd6 33. Qxd6 Qb7
34. Rc7 Qb8 35. Qd7 Qf8 36. Rc8 1-0

[Event "European Individual Chess Championship "]
[Site "Reykjavik, Iceland"]
[Date "2021.08.31"]
[Round "6.86"]
[White "Saemundarson, Saethor Ingi"]
[Black "Kjartansson, Arnar Logi"]
[Result "0-1"]
[WhiteElo "1216"]
[BlackElo "1271"]
[PlyCount "59"]
[EventDate "2021.08.26"]

1. e4 e6 2. Nf3 d5 3. exd5 exd5 4. d4 Nf6 5. Bd3 Bd6 6. Bg5 O-O 7. O-O Bg4 8.
Re1 Nbd7 9. Nbd2 c6 10. c3 Qc7 11. Qc2 h6 12. Bxf6 Nxf6 13. h3 Bh5 14. Re2 Rfe8
15. Rae1 Rxe2 16. Rxe2 Bf4 17. Re1 Bxd2 18. Nxd2 Re8 19. Rxe8+ Nxe8 20. Nb3 b6
21. Be2 Bg6 22. Bd3 Bh5 23. Be2 Bxe2 24. Qxe2 Nf6 25. Nd2 Qf4 26. Qe3 Qf5 27.
b3 Qc2 28. a4 a5 29. f3 b5 30. axb5 0-1